01157nam a2200265Ia 450000500170000000800410001702000220005805000220008010000290010224000240013124501440015525000100029926000500030930000160035933700100037533800140038533900120039963000640041165000390047570001310051494200070064595201110065295201110076399900170087420231102151441.0121028s9999 xx 000 0 und d a978-970-10-6405-4 aQA76.76 D485 200810aDHAMDHERE, Dhananjay M.. aSistemas operativos aSistemas operativos c/ Dhananjay M. Dhamdhere ; traducción, Thomas W. Bartenbach, Hugo Villagómez Velázquez, Raúl Arrioja Juárez a2a ed aMéxico b: McGraw-Hill Interamericanac2008 a789 paginas atexto asin medio avolumen aTraducción de: Operating systems. A concept-base approach aSistemas operativos (Computadoras) aBartenbach, Thomas W., traductor Villagómez Velázquez, Hugo, traductor Arrioja Juárez, Raúl, traductor Ì cLB 00104070a14b14d2010-09-10l3oQA76.76 D485 2008p14 003063r2014-10-28s2014-10-28t1w2012-10-28yLB 00104070a14b14d2010-09-13l1oQA76.76 D485 2008p14 003104r2014-07-25s2014-07-17t2w2012-10-28yLB c85483d85483